Lectures on information retrieval : (Record no. 24662)
[ view plain ]
| 000 -LEADER | |
|---|---|
| fixed length control field | 01521cam a2200337 a 4500 |
| 001 - CONTROL NUMBER | |
| control field | 12362887 |
| 003 - CONTROL NUMBER IDENTIFIER | |
| control field | OSt |
| 005 - DATE AND TIME OF LATEST TRANSACTION | |
| control field | 20211228144352.0 |
| 008 - FIXED-LENGTH DATA ELEMENTS--GENERAL INFORMATION | |
| fixed length control field | 010329s2001 gw a b 001 0 eng |
| 010 ## - LIBRARY OF CONGRESS CONTROL NUMBER | |
| LC control number | 2001031101 |
| 020 ## - INTERNATIONAL STANDARD BOOK NUMBER | |
| International Standard Book Number | 3540419330 (pbk. : alk. paper) |
| 040 ## - CATALOGING SOURCE | |
| Original cataloging agency | DLC |
| Transcribing agency | HU |
| Modifying agency | DLC |
| 050 00 - LIBRARY OF CONGRESS CALL NUMBER | |
| Classification number | Z667 |
| Item number | .E9 2000 |
| 082 ## - DEWEY DECIMAL CLASSIFICATION NUMBER | |
| Classification number | 005.74 |
| 111 2# - MAIN ENTRY--MEETING NAME | |
| Meeting name or jurisdiction name as entry element | European Summer School in Information Retrieval |
| Number of part/section/meeting | (3rd : |
| Date of meeting or treaty signing | 2000 : |
| Location of meeting | Varenna, Italy) |
| 9 (RLIN) | 25768 |
| 245 10 - TITLE STATEMENT | |
| Title | Lectures on information retrieval : |
| Remainder of title | Third European Summer-school, ESSIR 2000, Varenna, Italy, September 11-15, 2000 : revised lectures / |
| Statement of responsibility, etc. | Maristella Agosti, Fabio Crestani, Gabriella Pasi, eds. |
| 260 ## - PUBLICATION, DISTRIBUTION, ETC. | |
| Place of publication, distribution, etc. | Berlin ; |
| -- | New York : |
| Name of publisher, distributor, etc. | Springer, |
| Date of publication, distribution, etc. | c2001. |
| 300 ## - PHYSICAL DESCRIPTION | |
| Extent | vii, 309 p. : |
| Other physical details | ill. ; |
| Dimensions | 24 cm. |
| 440 #0 - SERIES STATEMENT/ADDED ENTRY--TITLE | |
| Title | Lecture notes in computer science, |
| International Standard Serial Number | 0302-9743 ; |
| Volume/sequential designation | 1980 |
| 9 (RLIN) | 25769 |
| 504 ## - BIBLIOGRAPHY, ETC. NOTE | |
| Bibliography, etc. note | Includes bibliographical references and index. |
| 650 #0 - SUBJECT ADDED ENTRY--TOPICAL TERM | |
| Topical term or geographic name entry element | Information retrieval |
| General subdivision | Congresses. |
| 9 (RLIN) | 25770 |
| 650 #0 - SUBJECT ADDED ENTRY--TOPICAL TERM | |
| Topical term or geographic name entry element | Information storage and retrieval systems |
| General subdivision | Congresses. |
| 9 (RLIN) | 25771 |
| 650 #0 - SUBJECT ADDED ENTRY--TOPICAL TERM | |
| Topical term or geographic name entry element | Electronic information resource searching |
| General subdivision | Congresses. |
| 9 (RLIN) | 25772 |
| 700 1# - ADDED ENTRY--PERSONAL NAME | |
| Personal name | Agosti, Maristella. |
| 9 (RLIN) | 25773 |
| 700 1# - ADDED ENTRY--PERSONAL NAME | |
| Personal name | Crestani, Fabio. |
| 9 (RLIN) | 25774 |
| 700 1# - ADDED ENTRY--PERSONAL NAME | |
| Personal name | Pasi, Gabriella, |
| Dates associated with a name | 1961- |
| 9 (RLIN) | 25775 |
| 856 42 - ELECTRONIC LOCATION AND ACCESS | |
| Materials specified | Publisher description |
| Uniform Resource Identifier | <a href="http://www.loc.gov/catdir/enhancements/fy0817/2001031101-d.html">http://www.loc.gov/catdir/enhancements/fy0817/2001031101-d.html</a> |
| 906 ## - LOCAL DATA ELEMENT F, LDF (RLIN) | |
| a | 7 |
| b | cbc |
| c | orignew |
| d | 1 |
| e | ocip |
| f | 20 |
| g | y-gencatlg |
| 942 ## - ADDED ENTRY ELEMENTS (KOHA) | |
| Source of classification or shelving scheme | Dewey Decimal Classification |
| Koha item type | Books like text book referance book |
| Suppress in OPAC | No |
| Withdrawn status | Lost status | Source of classification or shelving scheme | Damaged status | Not for loan | Collection code | Home library | Current library | Shelving location | Date acquired | Full call number | Barcode | Date last seen | Copy number | Price effective from | Koha item type |
|---|---|---|---|---|---|---|---|---|---|---|---|---|---|---|---|
| Dewey Decimal Classification | Non-fiction | Wondo Genet Library | Wondo Genet Library | General Stacks | 12/28/2021 | 005.74 LEC 2001 | WGCFNRL00009706 | 12/28/2021 | 1 | 12/28/2021 | Books like text book referance book |